Scale development : theory and applications
Αποθηκεύτηκε σε:
| Κύριος συγγραφέας: | |
|---|---|
| Μορφή: | Βιβλίο |
| Γλώσσα: | English |
| Δημοσίευση: |
Thousand Oaks, California :
Sage,
2003
|
| Έκδοση: | 2nd ed. |
| Σειρά: | Applied social research methods ;
; 26 |
| Θέματα: | |
| Ετικέτες: |
Προσθήκη ετικέτας
Δεν υπάρχουν, Καταχωρήστε ετικέτα πρώτοι!
|
MARC
| LEADER | 00000nam a2200000 i 4500 | ||
|---|---|---|---|
| 001 | 1/39922 | ||
| 008 | 030902s2003 eng d | ||
| 020 | |a 0-7619-2605-4 | ||
| 035 | |l 10070713 | ||
| 040 | |a GR-MY-UA |b gre |e aacr | ||
| 041 | 0 | |a eng | |
| 082 | 0 | |a 300.72 | |
| 100 | 1 | |a DeVellis, Robert F. | |
| 245 | 1 | 0 | |a Scale development : |b theory and applications / |c Robert F. DeVellis |
| 250 | |a 2nd ed. | ||
| 260 | |a Thousand Oaks, California : |b Sage, |c 2003 | ||
| 300 | |a 171 p. | ||
| 490 | 1 | |a Applied social research methods |v ; 26 | |
| 504 | |a Includes bibliographical references and index | ||
| 650 | 0 | 0 | |a Scaling (Social sciences) |
| 830 | 0 | |a Applied social research methods ; |v ; 26 | |
| 852 | |a INST |b RHODES |e 20030902 |h 300.72 DEV |p 005400020159 |q 005400020159 |t BK |y 0 | ||
| 901 | |a BIBL4-2003-2 | ||
| 909 | |a Ρ |b 105850 | ||
| 922 | |a 4ΕΛΗ |b 200307 |c ΕΠΕΑΕΚ2/ΤΕΠΑΕΣ |d ΜΙΧΑΛΟΠΟΥΛΟΣ | ||
| 950 | |a 096-2003-06-24 | ||
| 970 | |z 2003/09/03 | ||